000 00346nam a22001097a 4500
999 _c516125
_d516125
082 _aB3x54 M691
100 _aMisra, Dinesh Chandra
_922503
245 _aE- government :
_bThe new frontier in governance
_cby Dinesh Chandra Misra
260 _aNew Delhi
_bMatrix
_c2013
300 _a524p.
650 _aInternet in public administration - India
_924678